| 000 | 00408nab a2200145Ia 4500 | ||
|---|---|---|---|
| 003 | ES-SlBCS | ||
| 005 | 20210601141959.0 | ||
| 008 | 140529s2010 xxu||||| |||| 00| 0 spa d | ||
| 041 | _aspa | ||
| 100 | 1 |
_aWood, Graeme _9263102 |
|
| 245 | 0 | 0 |
_aLos estados del limbo _c Graeme Wood |
| 650 | 0 | 4 |
_aPaíses _9127927 |
| 773 | 0 |
_tForeing Policy. Edición Española _gnº. 37, 2010, págs. 50-59 _wRev596 |
|
| 942 | _cAR | ||
| 999 |
_c669592 _d669592 |
||